000 00558cam a2200169 a 4500
001 000018260
005 20200929165427.0
008 710917s1971 xxu 001 0aeng d
040 _aDO-SdBNP
_bspa
_cBNPHU
082 _axxxx
_bB924c
100 1 _aBuckley, William F.
_q(William Frank),
_d1925-2008.
_939552
245 1 0 _aCruising speed -a documentary /
_cWilliam F. Buckley, Jr.
260 _aNew York :
_bPutnam´s Sons,
_c1971.
300 _a257 p. ;
_c22 cm.
500 _aInclue índice
600 1 0 _aBuckley, William F.
_q(William Frank),
_d1925-2008.
_939552
999 _c17781
_d17781